00586nam a2200193Ia 450000500170000000800410001702000150005808200190007310000180009224500800011026000340019030000170022465000110024165000140025265000100026694200060027695200950028299900150037720250317070343.0240331s9999 xx 000 0 und d a1903457009 a301bGLU24819 aGlucksmann, M 0aCottons and Casuals:bThe Gendered Organization of Labour in Time and Space aDurham,bSociologypressc2000 avi, 188 p.,  aGender aEconomics aWomen cL 001040708LaWERCLbWERCLcSSCd2024-03-31l0o 301 GLUp4819r2024-03-31w2024-03-31yL c1012d1012